Study on soil conservation in the catchment areas above dams in river valley projects. (Record no. 85804)

MARC details
000 -LEADER
fixed length control field 00620nam a2200205 4500
001 - CONTROL NUMBER
control field sa 68014460
003 - CONTROL NUMBER IDENTIFIER
control field DLC
005 - DATE AND TIME OF LATEST TRANSACTION
control field 20260227112631.0
008 - FIXED-LENGTH DATA ELEMENTS--GENERAL INFORMATION
fixed length control field 700216m19679999ii b 00000 eng
010 ## - LIBRARY OF CONGRESS CONTROL NUMBER
LC control number sa 68014460
025 ## - OVERSEAS ACQUISITION NUMBER
Overseas acquisition number PL480:I-E-9385
050 0# - LIBRARY OF CONGRESS CALL NUMBER
Classification number S625.I47
Item number A48
082 ## - DEWEY DECIMAL CLASSIFICATION NUMBER
Classification number 631.4/9/54
110 10 - MAIN ENTRY--CORPORATE NAME
Corporate name or jurisdiction name as entry element India (Republic).
Subordinate unit Committee on Natural Resources.
245 1# - TITLE STATEMENT
Title Study on soil conservation in the catchment areas above dams in river valley projects.
260 1# - PUBLICATION, DISTRIBUTION, ETC.
Place of publication, distribution, etc. [New Delhi]
Date of publication, distribution, etc. 1966 [i.e. 1967-
300 ## - PHYSICAL DESCRIPTION
Extent v.
Other physical details maps.
Dimensions 25 cm.
350 ## - PRICE (NR) (BK AM CF MU VM SE) [OBSOLETE]
Price 3.80
-- ($1.37)
650 #0 - SUBJECT ADDED ENTRY--TOPICAL TERM
Topical term or geographic name entry element Soil conservation
Geographic subdivision India.

No items available.

Powered by Koha